Statistics for Click on the Country

Click here to take the quiz!

General Stats

  • This quiz has been taken 42 times
  • The average score is 12 of 15

Answers on the Map

Answers color-coded by a green-red scale on the quiz's map according to % correct below.
 

Answer Stats

Answer% Correct
India
92%
Madagascar
89%
Colombia
86%
South Korea
86%
Angola
83%
Poland
83%
Austria
81%
Romania
81%
Mauritania
78%
Netherlands
78%
Sri Lanka
78%
Israel
75%
Tajikistan
75%
Cambodia
72%
Singapore
64%

Score Distribution

Percentile by Number Answered

Percent of People with Each Score

Your Score History

You have not taken this quiz